00881nam a2200217Ia 4500003000900000008004100009040001600050080003000066110003300096245018800129260005000317300000900367500002800376650003400404650003300438650001800471650002100489942000700510999001500517952013100532IN-BaIIA211028s9999 xx 000 0 eng d cIIA Library a083.7:624.159.11:621bISI aIndian Standards Institution 0aIndian standard code of practice for design & construction for machine foundationsbpt. 3, foundations for rotary type machines (medium & high frequency)cIndian Standards Institution aNew DelhibIndian Standards Institutionc1976 a24p. aIS 2974 : Part 3 : 1975 a Machine Foundations 98896 a Rotary Type Machines98897 a Standards  aNASA Thesaurus  cBK c4987d4987 00104070aBANbBANcGENd1976-09-09g10.00l0o083.7:624.159.11:621/ ISIp5576r2021-11-05v10.00w1976-09-09yBKGRs. 10.00